| 000 | 01509nam a22002537a 4500 | ||
|---|---|---|---|
| 999 |
_c62984 _d62984 |
||
| 003 | Ge_BSU | ||
| 005 | 20250422171339.0 | ||
| 008 | 250422s2017 ge ||||| |||| 00| 0 geo d | ||
| 020 | _a9789941099922 | ||
| 041 | _ageo | ||
| 080 | _a006.01+303.2 + 621.317.791 მ-25 | ||
| 100 |
_aმამულაძე, მ. _911556 |
||
| 245 |
_aურთიერთშეცვლადობა, სტანდარტიზაცია და ტექნიკური გაზომვები : _bსახელმძღვანელო საინჟ. სპეციალობის ბაკალავრიატის სტუდენტებისათვის / _cმ. მამულაძე, მ. ლეჟავა, ფ. აბუსელიძე; რედაქტორი ი. აბაშიძე. |
||
| 264 |
_aთბილისი : _bთბილისელები პრინტი, _c2017. |
||
| 300 |
_a150 გვ. : _bნახ., ცხრ. ; _c20 სმ. |
||
| 504 | _aბიბლიოგრ.: გვ. 146. | ||
| 653 | _aსტანდარტიზაცია | ||
| 653 | _aურთიერთშეცვლადობა | ||
| 653 | _aტექნიკური გაზომვები | ||
| 700 |
_aლეჟავა, მ. _eავტორი _924899 |
||
| 700 |
_aაბუსელიძე, ფ. _eავტორი _924900 |
||
| 700 |
_aაბაშიძე, ი. _e რედაქტორი _92742 |
||
| 942 |
_2udc _cᲬᲘᲒᲜᲘ |
||